[Event "WchT Blitz Pool A"]
[Site "London"]
[Date "2025.06.14"]
[Round "3.4"]
[White "Stein, Theodor"]
[Black "Smirin, Ilia"]
[Result "0-1"]
[WhiteElo "1877"]
[BlackElo "2564"]
[PlyCount "74"]
[EventDate "2025.06.14"]
[EventType "team-tourn"]
[EventRounds "13"]
[EventCountry "ENG"]
[SourceTitle "CB25_2025"]
[SourceDate "2025.06.18"]
[SourceVersion "1"]
[SourceVersionDate "2025.06.18"]
[SourceQuality "1"]
[WhiteTeam "Berlin Lasker Legends"]
[BlackTeam "Ashdod Elit CC"]
[WhiteTeamCountry "GER"]
[BlackTeamCountry "ISR"]

1. Nf3 Nf6 2. g3 g6 3. b3 d6 4. d4 Bg7 5. Bb2 c5 6. dxc5 Qa5+ 7. Nbd2 Qxc5 8. Bg2 Ng4 9. Ne4 Qb4+ 10. c3 Qxe4 11. 0-0 0-0 12. h3 Nf6 13. c4 Qe6 14. g4 Nc6 15. Ng5 Qd7 16. Qd2 b6 17. Qc3 Bb7 18. Rfe1 Ne8 19. Qd2 Bxb2 20. Qxb2 Nf6 21. e4 Ne5 22. Rad1 h6 23. Nf3 Nxf3+ 24. Bxf3 Qc7 25. Bg2 g5 26. Qd2 Qc5 27. Kh1 Qe5 28. Qe3 Kg7 29. Rd2 Qf4 30. Qe2 h5 31. gxh5 Rh8 32. Rg1 Rxh5 33. Rd3 Rah8 34. Rg3 g4 35. Bf1 Bxe4+ 36. Kh2 Rxh3+ 37. Bxh3 Rxh3# 0-1

[Event "ISR-chT"]
[Site "Israel"]
[Date "2025.02.15"]
[Round "8.2"]
[White "Motylev, Alexander"]
[Black "Smirin, Ilia"]
[Result "1/2-1/2"]
[WhiteElo "2603"]
[BlackElo "2561"]
[PlyCount "25"]
[EventDate "2025.01.08"]
[EventType "team-tourn"]
[EventRounds "11"]
[EventCountry "ISR"]
[SourceTitle "CB08_2025"]
[SourceDate "2025.02.19"]
[SourceVersion "1"]
[SourceVersionDate "2025.02.19"]
[SourceQuality "1"]
[WhiteTeam "Rishon Le iZion II"]
[BlackTeam "Ashdod"]
[WhiteTeamCountry "ISR"]
[BlackTeamCountry "ISR"]

1. e4 c5 2. Nf3 d6 3. d4 cxd4 4. Nxd4 Nf6 5. Nc3 a6 6. Be3 Nc6 7. f3 e5 8. Nb3 Be6 9. Nd5 Bxd5 10. exd5 Ne7 11. c4 g6 12. Bd3 Bg7 13. 0-0 1/2-1/2

[Event "ISR-chT"]
[Site "Israel"]
[Date "2025.01.08"]
[Round "1.1"]
[White "Smirin, Ilia"]
[Black "Shohat, Yotam"]
[Result "1-0"]
[WhiteElo "2561"]
[BlackElo "2389"]
[PlyCount "93"]
[EventDate "2025.01.08"]
[EventType "team-tourn"]
[EventRounds "11"]
[EventCountry "ISR"]
[SourceTitle "CB08_2025"]
[SourceDate "2025.02.19"]
[SourceVersion "1"]
[SourceVersionDate "2025.02.19"]
[SourceQuality "1"]
[WhiteTeam "Ashdod"]
[BlackTeam "Ramat Gan Etude II"]
[WhiteTeamCountry "ISR"]
[BlackTeamCountry "ISR"]

1. e4 c5 2. Nf3 d6 3. d4 cxd4 4. Nxd4 Nf6 5. Nc3 a6 6. Be2 e5 7. Nb3 Be7 8. 0-0 0-0 9. Be3 Be6 10. Qd2 Nbd7 11. a4 Qc7 12. Rfd1 Rfc8 13. a5 h6 14. Rdc1 Qd8 15. Ra4 Rc7 16. Nd5 Nxd5 17. exd5 Bf5 18. c4 Bg5 19. Bxg5 Qxg5 20. Qxg5 hxg5 21. Nd2 Kf8 22. b4 Nf6 23. Re1 Ne4 24. Nb1 Rac8 25. f3 Nf6 26. Nd2 e4 27. Ra3 Re8 28. Re3 Rce7 29. fxe4 Bxe4 30. Bf1 Bg6 31. Rxe7 Rxe7 32. Rc1 Rc7 33. Nb3 Ke7 34. Re1+ Kd8 35. c5 Ne4 36. c6 Nc3 37. Nd4 Nxd5 38. cxb7 Rxb7 39. Bxa6 Rxb4 40. Nc6+ Kc7 41. Nxb4 Nxb4 42. Bb5 d5 43. Re7+ Kd6 44. Rd7+ Ke5 45. a6 d4 46. a7 Be4 47. Be2 1-0

[Event "London Classic Superblitz Gp-D"]
[Site "London"]
[Date "2024.12.07"]
[Round "6"]
[White "Smirin, Ilia"]
[Black "Badacsonyi, Stanley Ethan Artie"]
[Result "1-0"]
[WhiteElo "2574"]
[BlackElo "2266"]
[PlyCount "61"]
[EventDate "2024.12.07"]
[EventType "tourn (blitz)"]
[EventRounds "7"]
[EventCountry "ENG"]
[EventCategory "9"]
[SourceTitle "CB04_2025"]
[SourceDate "2025.01.22"]
[SourceVersion "1"]
[SourceVersionDate "2025.01.22"]
[SourceQuality "1"]

1. e4 e6 2. d4 d5 3. Nd2 h6 4. Ngf3 Nf6 5. e5 Nfd7 6. c3 c5 7. Bd3 Nc6 8. Bb1 cxd4 9. cxd4 g5 10. Nb3 a5 11. a4 Qb6 12. Be3 Bb4+ 13. Kf1 Qc7 14. h4 g4 15. Ne1 h5 16. Nd3 b6 17. Nf4 Ba6+ 18. Kg1 Rc8 19. Nxh5 Rxh5 20. Qxg4 Rh8 21. Qg7 Rf8 22. h5 Ndxe5 23. dxe5 Kd7 24. h6 Bc4 25. Nd2 Nxe5 26. h7 Ba6 27. Ba2 Rh8 28. Rh5 Ng6 29. Qxf7+ Ne7 30. Nf3 Bd6 31. Rh6 1-0

[Event "London Classic Superblitz Final"]
[Site "London"]
[Date "2024.12.07"]
[Round "6"]
[White "Smirin, Ilia"]
[Black "Firouzja, Alireza"]
[Result "0-1"]
[WhiteElo "2574"]
[BlackElo "2763"]
[PlyCount "74"]
[EventDate "2024.12.07"]
[EventType "tourn (blitz)"]
[EventRounds "7"]
[EventCountry "ENG"]
[EventCategory "17"]
[SourceTitle "CB04_2025"]
[SourceDate "2025.01.22"]
[SourceVersion "1"]
[SourceVersionDate "2025.01.22"]
[SourceQuality "1"]

1. e4 c6 2. d4 d5 3. Nd2 dxe4 4. Nxe4 Nf6 5. Nxf6+ exf6 6. Bd3 Qxd4 7. Nf3 Qd8 8. 0-0 Be7 9. Qe2 0-0 10. Rd1 Nd7 11. Bf4 Re8 12. Bf5 g6 13. Nd4 Qb6 14. Be3 Bc5 15. Bxd7 Bxd7 16. Qc4 Bg4 17. Rd3 Qxb2 18. Rf1 Qb4 19. Qxb4 Bxb4 20. Rb3 c5 21. Nb5 Be2 22. Nc7 Bxf1 23. Kxf1 b6 24. a3 Ba5 25. g3 Rxe3 26. Rxe3 Rd8 27. c4 Kf8 28. Nd5 f5 29. Rb3 Rd6 30. Ke2 Re6+ 31. Kd3 Re4 32. Ne3 Rd4+ 33. Ke2 Rd2+ 34. Kf3 Kg7 35. Nd5 Rd4 36. Ne3 Bd2 37. Nc2 Rxc4 0-1

[Event "London Classic Superblitz Final"]
[Site "London"]
[Date "2024.12.07"]
[Round "2"]
[White "Smirin, Ilia"]
[Black "Vitiugov, Nikita"]
[Result "0-1"]
[WhiteElo "2574"]
[BlackElo "2668"]
[PlyCount "73"]
[EventDate "2024.12.07"]
[EventType "tourn (blitz)"]
[EventRounds "7"]
[EventCountry "ENG"]
[EventCategory "17"]
[SourceTitle "CB04_2025"]
[SourceDate "2025.01.22"]
[SourceVersion "1"]
[SourceVersionDate "2025.01.22"]
[SourceQuality "1"]

1. e4 e6 2. d4 d5 3. Nd2 c5 4. Ngf3 cxd4 5. Nxd4 Nc6 6. Bb5 Bd7 7. Bxc6 bxc6 8. 0-0 Ne7 9. Re1 Ng6 10. exd5 cxd5 11. N2f3 Be7 12. b3 0-0 13. Bb2 Bf6 14. Qd2 e5 15. Ne2 Bg4 16. Red1 d4 17. Qd3 Re8 18. Ng3 Nh4 19. Qe4 Bxf3 20. gxf3 Qc8 21. Kh1 Bg5 22. Ne2 Qh3 23. Rg1 Nxf3 24. Rg2 Bf6 25. Ng3 Ng5 26. Qf5 Qxf5 27. Nxf5 Rad8 28. Rag1 Ne6 29. Nh6+ Kf8 30. Ng4 Ke7 31. Ba3+ Kd7 32. Re1 Nf4 33. Nxf6+ gxf6 34. Rg7 Ke6 35. Rxh7 Rc8 36. Rc1 Ne2 37. Re1 0-1

[Event "London Classic Superblitz Gp-D"]
[Site "London"]
[Date "2024.12.07"]
[Round "7"]
[White "Watson, William N"]
[Black "Smirin, Ilia"]
[Result "0-1"]
[WhiteElo "2475"]
[BlackElo "2574"]
[PlyCount "61"]
[EventDate "2024.12.07"]
[EventType "tourn (blitz)"]
[EventRounds "7"]
[EventCountry "ENG"]
[EventCategory "9"]
[SourceTitle "CB04_2025"]
[SourceDate "2025.01.22"]
[SourceVersion "1"]
[SourceVersionDate "2025.01.22"]
[SourceQuality "1"]

1. e4 c5 2. Nf3 e6 3. d4 cxd4 4. Nxd4 a6 5. Nc3 b5 6. Bd3 Bb7 7. f4 Qb6 8. Nf3 Nf6 9. Qe2 Bb4 10. Bd2 Nc6 11. 0-0-0 Na5 12. g4 Nc4 13. Bxc4 bxc4 14. g5 Bxc3 15. Bxc3 Nxe4 16. Bxg7 c3 17. Bxc3 Nxc3 18. bxc3 Qa5 19. Rd3 Qxa2 20. Kd2 Rc8 21. Rf1 Bxf3 22. Rfxf3 Qc4 23. f5 Rc5 24. fxe6 dxe6 25. Qf2 0-0 26. Rf4 Qb5 27. h4 Rd5 28. Rfd4 Rfd8 29. Qe3 e5 30. Rxd5 Rxd5 31. c4 0-1

[Event "Ramat Gan Dov Porat Blitz op"]
[Site "Ramat Gan"]
[Date "2024.11.01"]
[Round "9"]
[White "Smirin, Ilia"]
[Black "Ben Ari, Yannay"]
[Result "1-0"]
[WhiteElo "2574"]
[BlackElo "2441"]
[PlyCount "93"]
[EventDate "2024.11.01"]
[EventType "swiss (blitz)"]
[EventRounds "11"]
[EventCountry "ISR"]
[SourceTitle "CB45_2024"]
[Source "ChessBase"]
[SourceDate "2024.11.06"]
[SourceVersion "1"]
[SourceVersionDate "2024.11.06"]
[SourceQuality "1"]

1. e4 d5 2. exd5 Qxd5 3. Nc3 Qd6 4. d4 Nf6 5. Bg5 Bf5 6. Qf3 Qe6+ 7. Nge2 Ne4 8. Nxe4 Bxe4 9. Qe3 Nd7 10. Nc3 Bxc2 11. Qxe6 fxe6 12. Nb5 Kf7 13. Rc1 Be4 14. Rxc7 Bc6 15. Bc4 Nb6 16. Nd6+ Kg6 17. h4 Nxc4 18. Nxc4 h6 19. Ne5+ Kh7 20. Bxe7 Bd5 21. 0-0 Bxe7 22. Rxe7 Rhe8 23. Rc7 Rac8 24. Rfc1 Rxc7 25. Rxc7 Rd8 26. b3 Rd6 27. f3 Ra6 28. h5 Rxa2 29. Ng4 Kg8 30. Ne5 Ra1+ 31. Kh2 Kf8 32. Ng6+ Ke8 33. Rxg7 Bxb3 34. Rxb7 Bd5 35. Rh7 a5 36. Rxh6 a4 37. Rh8+ Kf7 38. Ne5+ Kg7 39. Rc8 a3 40. Rc7+ Kh6 41. g4 Kg5 42. Ra7 a2 43. h6 Rb1 44. h7 Rb8 45. Kg3 Kf6 46. f4 Rh8 47. Rf7# 1-0

[Event "EU-Cup 39th"]
[Site "Vrnjacka Banja"]
[Date "2024.10.23"]
[Round "4.1"]
[White "Saraci, Nderim"]
[Black "Smirin, Ilia"]
[Result "0-1"]
[WhiteElo "2440"]
[BlackElo "2563"]
[PlyCount "102"]
[EventDate "2024.10.20"]
[EventType "team-swiss"]
[EventRounds "7"]
[EventCountry "SRB"]
[SourceTitle "CB44_2024"]
[Source "Chessbase"]
[SourceDate "2024.10.30"]
[SourceVersion "1"]
[SourceVersionDate "2024.10.30"]
[SourceQuality "1"]
[WhiteTeam "Drejtesia"]
[BlackTeam "Perfect"]
[WhiteTeamCountry "KOS"]
[BlackTeamCountry "MDA"]

1. e4 c5 2. Nf3 e6 3. d4 cxd4 4. Nxd4 Nc6 5. Nc3 d6 6. Be3 Nf6 7. Be2 Be7 8. Qd2 e5 9. Nb3 a5 10. a4 0-0 11. 0-0-0 Nb4 12. f4 Ng4 13. Kb1 exf4 14. Bg1 f5 15. exf5 Bxf5 16. Nd4 Bd7 17. Bc4+ Kh8 18. Ne6 Bxe6 19. Bxe6 Ne5 20. Nb5 Qe8 21. Bb3 Qg6 22. Bd4 Rac8 23. Bc3 Nc4 24. Bxc4 Rxc4 25. Rhe1 Bh4 26. Re2 d5 27. Nd4 Bf6 28. Ne6 Bxc3 29. Nxf8 Qc6 30. bxc3 Qxa4 31. cxb4 Rxb4+ 32. Qxb4 Qxb4+ 33. Kc1 Qa3+ 34. Kb1 Qxf8 35. Rxd5 Qb4+ 36. Kc1 h6 37. Rd7 b5 38. Re8+ Kh7 39. Ree7 Qc3 40. Rc7 Qa1+ 41. Kd2 a4 42. Ke2 a3 43. c3 Qa2+ 44. Kf3 Qd5+ 45. Kf2 Qg5 46. Re2 h5 47. Rc8 Qd5 48. Re1 a2 49. Rce8 Qc5+ 50. Kf1 Qxc3 51. Ra8 Qb2 0-1

[Event "EU-Cup 39th"]
[Site "Vrnjacka Banja"]
[Date "2024.10.22"]
[Round "3.1"]
[White "Smirin, Ilia"]
[Black "Hjartarson, Johann"]
[Result "0-1"]
[WhiteElo "2563"]
[BlackElo "2474"]
[PlyCount "80"]
[EventDate "2024.10.20"]
[EventType "team-swiss"]
[EventRounds "7"]
[EventCountry "SRB"]
[SourceTitle "CB44_2024"]
[Source "Chessbase"]
[SourceDate "2024.10.30"]
[SourceVersion "1"]
[SourceVersionDate "2024.10.30"]
[SourceQuality "1"]
[WhiteTeam "Perfect"]
[BlackTeam "Viking CC"]
[WhiteTeamCountry "MDA"]
[BlackTeamCountry "ISL"]

1. e4 e5 2. Nf3 Nc6 3. Bb5 a6 4. Ba4 Nf6 5. 0-0 Be7 6. Re1 b5 7. Bb3 d6 8. c3 0-0 9. h3 Na5 10. Bc2 c5 11. d4 Qc7 12. Nbd2 Bd7 13. Nf1 Nc4 14. b3 Nb6 15. Ne3 c4 16. bxc4 Nxc4 17. Nxc4 bxc4 18. a4 a5 19. Ba3 Rfe8 20. Rb1 Bf8 21. Qd2 h6 22. Qe3 Nh5 23. Red1 Nf4 24. dxe5 dxe5 25. Bxf8 Kxf8 26. Nxe5 Nxh3+ 27. gxh3 Rxe5 28. h4 Ra6 29. Rd5 Rg6+ 30. Kf1 Rxd5 31. exd5 Rf6 32. Re1 Qd6 33. Bh7 Rf4 34. Qg3 g6 35. h5 g5 36. Be4 Qc5 37. Bc2 Bh3+ 38. Ke2 Bg4+ 39. Kf1 Qxd5 40. Qg2 Qd2 0-1

[Event "Ramat Gan Dov Porat Rapid op"]
[Site "Ramat Gan"]
[Date "2024.10.15"]
[Round "7"]
[White "Gorshtein, Ido"]
[Black "Smirin, Ilia"]
[Result "0-1"]
[WhiteElo "2527"]
[BlackElo "2563"]
[PlyCount "92"]
[EventDate "2024.10.14"]
[EventType "swiss (rapid)"]
[EventRounds "9"]
[EventCountry "ISR"]
[SourceTitle "CB43_2024"]
[Source "Chessbase"]
[SourceDate "2024.10.23"]
[SourceVersion "1"]
[SourceVersionDate "2024.10.23"]
[SourceQuality "1"]

1. f4 Nf6 2. Nf3 d6 3. Nc3 c5 4. e4 g6 5. Bc4 e6 6. f5 Nc6 7. fxe6 Bxe6 8. d3 Bg7 9. 0-0 0-0 10. Bg5 h6 11. Bh4 Qd7 12. Bxe6 fxe6 13. Kh1 g5 14. Bf2 Ng4 15. Bg1 Rf7 16. Ne2 Bxb2 17. Rb1 Bg7 18. c3 Raf8 19. d4 cxd4 20. cxd4 Nf6 21. Nd2 b6 22. Rc1 Na5 23. Ng3 Rc8 24. Rxc8+ Qxc8 25. e5 dxe5 26. dxe5 Nd5 27. Rxf7 Kxf7 28. Nde4 Kg8 29. Nh5 Bxe5 30. Qg4 Nc4 31. h4 Nce3 32. Qe2 Qc4 33. Qf3 g4 34. Nhf6+ Bxf6 35. Nxf6+ Kh8 36. Qg3 Nxf6 37. Bxe3 Kh7 38. Qe5 Kg6 39. Bd4 Qf1+ 40. Kh2 Qf5 41. Qc7 Ne4 42. Qg7+ Kh5 43. Be5 Qf2 44. Qg8 Qxh4+ 45. Kg1 Qe1+ 46. Kh2 g3+ 0-1

[Event "Ramat Gan Dov Porat Rapid op"]
[Site "Ramat Gan"]
[Date "2024.10.15"]
[Round "5"]
[White "Kantsler, Boris"]
[Black "Smirin, Ilia"]
[Result "1/2-1/2"]
[WhiteElo "2362"]
[BlackElo "2563"]
[PlyCount "93"]
[EventDate "2024.10.14"]
[EventType "swiss (rapid)"]
[EventRounds "9"]
[EventCountry "ISR"]
[SourceTitle "CB43_2024"]
[Source "Chessbase"]
[SourceDate "2024.10.23"]
[SourceVersion "1"]
[SourceVersionDate "2024.10.23"]
[SourceQuality "1"]

1. d4 Nf6 2. Nf3 c5 3. d5 b5 4. Bg5 g6 5. Bxf6 exf6 6. e4 a6 7. a4 b4 8. Nbd2 d6 9. Bd3 Bg7 10. Nc4 0-0 11. 0-0 a5 12. Nfd2 Ba6 13. f4 Re8 14. Qf3 Ra7 15. Rae1 Rae7 16. Re2 f5 17. exf5 Rxe2 18. Bxe2 Bxb2 19. Bd3 Bd4+ 20. Kh1 Nd7 21. fxg6 fxg6 22. f5 Rf8 23. Qg3 Ne5 24. fxg6 Rxf1+ 25. Bxf1 Nxg6 26. Qxd6 Qxd6 27. Nxd6 Bxf1 28. Nxf1 Nf4 29. Nc4 Nxd5 30. Nxa5 Nb6 31. Nd2 Nxa4 32. g4 Kf7 33. Kg2 Ke6 34. Kf3 Kd5 35. Ndc4 Bf6 36. Ke3 Bd8 37. Kd3 Bxa5 38. Nxa5 c4+ 39. Ke3 Nc5 40. h4 b3 41. cxb3 cxb3 42. Nxb3 Nxb3 43. Kf4 Ke6 44. Kg5 Kf7 45. Kh6 Kg8 46. g5 Nd4 47. g6 1/2-1/2

[Event "Ramat Gan Dov Porat Rapid op"]
[Site "Ramat Gan"]
[Date "2024.10.15"]
[Round "6"]
[White "Smirin, Ilia"]
[Black "Yaniv, Yuval"]
[Result "1-0"]
[WhiteElo "2563"]
[BlackElo "2417"]
[PlyCount "105"]
[EventDate "2024.10.14"]
[EventType "swiss (rapid)"]
[EventRounds "9"]
[EventCountry "ISR"]
[SourceTitle "CB43_2024"]
[Source "Chessbase"]
[SourceDate "2024.10.23"]
[SourceVersion "1"]
[SourceVersionDate "2024.10.23"]
[SourceQuality "1"]

1. e4 e6 2. d4 d5 3. Nd2 c5 4. Ngf3 cxd4 5. Nxd4 Nc6 6. Bb5 Bd7 7. Bxc6 bxc6 8. 0-0 Bd6 9. Re1 Qc7 10. exd5 cxd5 11. Nf5 Bf8 12. Nf3 Ne7 13. Ne3 Bc6 14. Nd4 Rd8 15. Ng4 Ng6 16. Bg5 Be7 17. Rxe6 fxe6 18. Nxe6 Qd6 19. Nxg7+ Kd7 20. Nf5 Qe6 21. Nd4 Qd6 22. Nf5 Qe6 23. Nd4 Qf7 24. Nh6 Qe8 25. Qg4+ Kc7 26. Ne6+ Kb8 27. Nxd8 Qxd8 28. Nf7 Bxg5 29. Nxd8 Bxd8 30. c4 dxc4 31. Qxc4 Bb7 32. a4 Bb6 33. a5 Rc8 34. Qxc8+ Kxc8 35. axb6 axb6 36. Ra3 Nf4 37. g3 Ne2+ 38. Kf1 Nd4 39. f4 Kd7 40. Kf2 Kd6 41. Rd3 Kc5 42. g4 b5 43. Rh3 Be4 44. f5 b4 45. Rxh7 b3 46. Ke3 Bc6 47. f6 Ne6 48. h4 Kd6 49. g5 Ke5 50. Ra7 Kf5 51. f7 Bg2 52. Re7 Nf8 53. Re8 1-0

[Event "Ramat Gan Dov Porat Rapid op"]
[Site "Ramat Gan"]
[Date "2024.10.14"]
[Round "4"]
[White "Smirin, Ilia"]
[Black "Tzidkiya, Yeshaayahu"]
[Result "0-1"]
[WhiteElo "2563"]
[BlackElo "2469"]
[PlyCount "78"]
[EventDate "2024.10.14"]
[EventType "swiss (rapid)"]
[EventRounds "9"]
[EventCountry "ISR"]
[SourceTitle "CB43_2024"]
[Source "Chessbase"]
[SourceDate "2024.10.23"]
[SourceVersion "1"]
[SourceVersionDate "2024.10.23"]
[SourceQuality "1"]

1. e4 c5 2. Nf3 Nc6 3. Bb5 g6 4. c3 Bg7 5. d4 cxd4 6. cxd4 Nf6 7. Nc3 0-0 8. d5 Nb8 9. e5 Ng4 10. Ng5 f5 11. f4 d6 12. h3 Nxe5 13. fxe5 dxe5 14. Qb3 Bf6 15. 0-0 Kg7 16. Rd1 a6 17. Bf1 b5 18. Be3 Qe8 19. Ne6+ Bxe6 20. dxe6 Nc6 21. Nd5 Rc8 22. Rac1 Nd4 23. Bxd4 exd4 24. Nb6 Rxc1 25. Rxc1 Qb8 26. Nd7 Qf4 27. Rc2 Rd8 28. Qf3 Qe4 29. Rc6 Bg5 30. Bd3 Be3+ 31. Kh2 Qxd3 32. g4 Qd2+ 33. Qg2 Bf4+ 34. Kh1 Qe1+ 35. Qg1 Qe4+ 36. Qg2 d3 37. Qxe4 fxe4 38. Rc5 d2 39. Rd5 e3 0-1

[Event "Olympiad-45"]
[Site "Budapest"]
[Date "2024.09.22"]
[Round "11.4"]
[White "Shirliyev, Allayar"]
[Black "Smirin, Ilia"]
[Result "1-0"]
[WhiteElo "2200"]
[BlackElo "2575"]
[PlyCount "109"]
[EventDate "2024.09.11"]
[EventType "team-swiss"]
[EventRounds "11"]
[EventCountry "HUN"]
[SourceTitle "EXT 2025"]
[Source "ChessBase"]
[SourceDate "2024.10.14"]
[SourceVersion "1"]
[SourceVersionDate "2024.10.14"]
[SourceQuality "1"]
[WhiteTeam "Turkmenistan"]
[BlackTeam "Israel"]
[WhiteTeamCountry "TKM"]
[BlackTeamCountry "ISR"]

1. e4 c5 2. Nc3 e6 3. Nf3 d6 4. d4 cxd4 5. Nxd4 a6 6. Bd3 Nf6 7. 0-0 Nbd7 8. Qe2 g6 9. Kh1 Bg7 10. f4 0-0 11. a4 Nc5 12. Be3 b6 13. b4 Nxd3 14. cxd3 Bb7 15. a5 Rc8 16. Na4 bxa5 17. bxa5 Qxa5 18. Rfb1 Qc7 19. Nb6 Rb8 20. Ra4 Bxe4 21. Rc4 Rxb6 22. Rxc7 Rxb1+ 23. Rc1 Rxc1+ 24. Bxc1 Rc8 25. Be3 Bd5 26. Qd2 a5 27. h3 a4 28. Qb4 Ra8 29. Nb5 Bc6 30. Na3 Ne8 31. Qb6 Bd5 32. Bd4 Bh6 33. Be3 Ng7 34. Kh2 Nf5 35. Bc1 Rc8 36. Bd2 Bg7 37. Qb4 Bb3 38. Qb7 Rf8 39. Nb5 h5 40. g4 Bd5 41. Qb6 Nh4 42. Kg3 a3 43. Nxa3 Nf3 44. Be3 Ra8 45. Qb4 h4+ 46. Kf2 f5 47. g5 Bf8 48. Bc1 Ra7 49. Bb2 Rc7 50. Nc4 Rb7 51. Nb6 Kh7 52. Qb5 Nd2 53. Qe8 e5 54. Qxf8 Rxb6 55. Qe7+ 1-0

[Event "Olympiad-45"]
[Site "Budapest"]
[Date "2024.09.20"]
[Round "9.3"]
[White "Bologan, Viktor"]
[Black "Smirin, Ilia"]
[Result "1-0"]
[WhiteElo "2598"]
[BlackElo "2575"]
[PlyCount "75"]
[EventDate "2024.09.11"]
[EventType "team-swiss"]
[EventRounds "11"]
[EventCountry "HUN"]
[SourceTitle "EXT 2025"]
[Source "ChessBase"]
[SourceDate "2024.10.14"]
[SourceVersion "1"]
[SourceVersionDate "2024.10.14"]
[SourceQuality "1"]
[WhiteTeam "Moldova"]
[BlackTeam "Israel"]
[WhiteTeamCountry "MDA"]
[BlackTeamCountry "ISR"]

1. e4 c5 2. Nf3 Nc6 3. d4 cxd4 4. Nxd4 Nf6 5. Nc3 d6 6. Bg5 Bd7 7. Qd2 a6 8. f3 e6 9. 0-0-0 Nxd4 10. Qxd4 Be7 11. h4 b5 12. g4 Rb8 13. Kb1 Qc7 14. Qd2 b4 15. Ne2 a5 16. Be3 Bb5 17. Nf4 Bxf1 18. Rhxf1 Nd7 19. g5 0-0 20. b3 Rfc8 21. Bd4 Ne5 22. Nh5 Bf8 23. f4 Nc6 24. Bb2 Na7 25. f5 Nb5 26. fxe6 fxe6 27. Nf4 Re8 28. g6 h6 29. Rf3 Qc6 30. Nh5 Rbc8 31. Rf7 Qxe4 32. Rg1 Re7 33. Qf2 Rec7 34. Rf1 Qxg6 35. Rxf8+ Rxf8 36. Qxf8+ Kh7 37. Bxg7 Na3+ 38. Ka1 1-0

[Event "Olympiad-45"]
[Site "Budapest"]
[Date "2024.09.14"]
[Round "4.18"]
[White "Smirin, Ilia"]
[Black "Mehmeti, Dritan"]
[Result "1-0"]
[WhiteElo "2575"]
[BlackElo "2364"]
[PlyCount "85"]
[EventDate "2024.09.11"]
[EventType "team-swiss"]
[EventRounds "11"]
[EventCountry "HUN"]
[SourceTitle "EXT 2025"]
[Source "ChessBase"]
[SourceDate "2024.10.14"]
[SourceVersion "1"]
[SourceVersionDate "2024.10.14"]
[SourceQuality "1"]
[WhiteTeam "Israel"]
[BlackTeam "Albania"]
[WhiteTeamCountry "ISR"]
[BlackTeamCountry "ALB"]

1. Nf3 Nf6 2. g3 e6 3. Bg2 d5 4. 0-0 c5 5. d3 Nc6 6. Nbd2 Be7 7. e4 0-0 8. e5 Nd7 9. Re1 b5 10. Nf1 Re8 11. h4 Bf8 12. Bf4 Bb7 13. h5 h6 14. N1h2 b4 15. g4 f6 16. exf6 Qxf6 17. Qc1 e5 18. Bg3 Nd4 19. Nh4 e4 20. c3 Ne6 21. dxe4 dxe4 22. Bxe4 Bxe4 23. Rxe4 Ng5 24. Rxe8 Rxe8 25. cxb4 Re4 26. Qd1 Qxb2 27. bxc5 Bxc5 28. Qd5+ Kh7 29. Qf5+ Kg8 30. Qd5+ Kh7 31. Rf1 Qd4 32. Qf5+ Kg8 33. N2f3 Qd3 34. Kg2 Nxf3 35. Nxf3 Bf8 36. g5 Re3 37. Qg4 Re4 38. Rd1 Qxd1 39. Qxe4 hxg5 40. Qe6+ Kh8 41. Qf7 Bc5 42. h6 gxh6 43. Be5+ 1-0

[Event "Olympiad-45"]
[Site "Budapest"]
[Date "2024.09.13"]
[Round "3.22"]
[White "Baasansuren, Erdene"]
[Black "Smirin, Ilia"]
[Result "1-0"]
[WhiteElo "2368"]
[BlackElo "2575"]
[PlyCount "79"]
[EventDate "2024.09.11"]
[EventType "team-swiss"]
[EventRounds "11"]
[EventCountry "HUN"]
[SourceTitle "EXT 2025"]
[Source "ChessBase"]
[SourceDate "2024.10.14"]
[SourceVersion "1"]
[SourceVersionDate "2024.10.14"]
[SourceQuality "1"]
[WhiteTeam "Mongolia"]
[BlackTeam "Israel"]
[WhiteTeamCountry "MGL"]
[BlackTeamCountry "ISR"]

1. Nf3 Nf6 2. c4 g6 3. b4 Bg7 4. Bb2 0-0 5. g3 d6 6. Bg2 a5 7. b5 e5 8. 0-0 Nbd7 9. d3 Nc5 10. Nc3 e4 11. Nxe4 Nfxe4 12. Bxg7 Nxf2 13. Rxf2 Kxg7 14. Qd2 f5 15. Raf1 Bd7 16. e4 Qf6 17. e5 dxe5 18. Nxe5 Qxe5 19. d4 Qf6 20. dxc5 Rfd8 21. Qf4 c6 22. Qc7 Kh6 23. Rf4 g5 24. R4f2 Qd4 25. Qxb7 Rab8 26. Qc7 cxb5 27. c6 Be6 28. Qxa5 Ra8 29. Qe1 Re8 30. cxb5 Rxa2 31. c7 Rxf2 32. Rxf2 Qd6 33. Re2 Qc5+ 34. Kh1 Kg7 35. b6 Kf7 36. Qf2 Qc4 37. Rc2 Qd3 38. Rc1 Bd5 39. b7 Bxg2+ 40. Qxg2 1-0

[Event "Olympiad-45"]
[Site "Budapest"]
[Date "2024.09.12"]
[Round "2.20"]
[White "Smirin, Ilia"]
[Black "Fitzsimons, David"]
[Result "1-0"]
[WhiteElo "2575"]
[BlackElo "2315"]
[PlyCount "91"]
[EventDate "2024.09.11"]
[EventType "team-swiss"]
[EventRounds "11"]
[EventCountry "HUN"]
[SourceTitle "EXT 2025"]
[Source "ChessBase"]
[SourceDate "2024.10.14"]
[SourceVersion "1"]
[SourceVersionDate "2024.10.14"]
[SourceQuality "1"]
[WhiteTeam "Israel"]
[BlackTeam "Ireland"]
[WhiteTeamCountry "ISR"]
[BlackTeamCountry "IRL"]

1. e4 e6 2. d4 d5 3. Nc3 dxe4 4. Nxe4 Nd7 5. Nf3 Ngf6 6. Nxf6+ Nxf6 7. Be3 Nd5 8. Bd2 c5 9. Ne5 a6 10. c3 Bd6 11. Qa4+ Bd7 12. Qxd7+ Qxd7 13. Nxd7 Kxd7 14. dxc5 Bxc5 15. g3 Rad8 16. Bg2 Kc8 17. Ke2 Nf6 18. Rhd1 Rd7 19. b4 Bb6 20. c4 Bd4 21. Rac1 b6 22. c5 bxc5 23. Bf4 Nh5 24. Rxd4 Rxd4 25. Rxc5+ Kd7 26. Bc6+ Ke7 27. Rxh5 Rxb4 28. Ra5 Rb2+ 29. Kf1 Rb6 30. Bf3 Rc8 31. Be3 Rb2 32. Rxa6 Rcc2 33. a4 Ra2 34. a5 Ra1+ 35. Kg2 Ra3 36. Bd4 f6 37. Ra7+ Kf8 38. a6 Rc4 39. Be3 Rc8 40. Bb7 Rc2 41. Be4 Rc8 42. Bxh7 Rc6 43. Ra8+ Kf7 44. a7 f5 45. Bg8+ Kf6 46. Rf8+ 1-0

[Event "FIDE World Bl Team Pool D"]
[Site "Almaty"]
[Date "2024.08.05"]
[Round "1.15"]
[White "Kalikhan, Abilmansur"]
[Black "Smirin, Ilia"]
[Result "0-1"]
[WhiteElo "1670"]
[BlackElo "2575"]
[PlyCount "50"]
[EventDate "2024.08.05"]
[EventType "team (blitz)"]
[EventRounds "7"]
[EventCountry "KAZ"]
[SourceTitle "CBM 221 Extra"]
[Source "ChessBase"]
[SourceDate "2024.09.30"]
[SourceVersion "1"]
[SourceVersionDate "2024.09.30"]
[SourceQuality "1"]
[WhiteTeam "Abai Gambit Pioneers"]
[BlackTeam "Ashdod"]
[WhiteTeamCountry "KAZ"]
[BlackTeamCountry "ISR"]

1. f4 Nf6 2. Nf3 d6 3. e3 g6 4. Nc3 Bg7 5. Be2 0-0 6. d3 c5 7. e4 Nc6 8. 0-0 Nd4 9. Be3 Ng4 10. Bxd4 cxd4 11. Nd5 e6 12. Ng5 Nxh2 13. Kxh2 exd5 14. exd5 Re8 15. Bf3 h6 16. Nh3 Qh4 17. Qd2 Bxh3 18. gxh3 Re3 19. Bg2 Rae8 20. Qf2 Qe7 21. Bf3 Qf6 22. Bg2 Re2 23. Qg3 Rxc2 24. Rae1 Re5 25. Rxe5 Rxb2 0-1